| 000 | 00764nam a2200205Ia 4500 | ||
|---|---|---|---|
| 999 |
_c40131 _d40131 |
||
| 001 | 6737 | ||
| 003 | GE_BSU | ||
| 005 | 20191227110142.0 | ||
| 008 | 181216s1951||||g |||||||||||||| ||ge || | ||
| 040 | _cGE_BSU | ||
| 041 | _ageo | ||
| 080 | _a821.353.1-32 გ-45 | ||
| 100 |
_aგვეტაძე, რაჟდენ. _95973 |
||
| 245 |
_aმოთხრობები / _cრაჟდენ გვეტაძე ; რედ. ო. ეგაძე. |
||
| 264 |
_aთბილისი : _bსახელმწიფო გამომცემლობა, _c1951. |
||
| 300 |
_a413 გვ.: _bფოტო ; _c20 სმ. |
||
| 653 | _aმოთხრობები | ||
| 700 |
_aეგაძე, ო. _eრედაქტორი _95980 |
||
| 942 |
_cBK _2udc |
||